00250nam a2200109Ia 4500008004100000100002800041245001700069260001700086650001300103942000700116999001700123190216s9999||||xx |||||||||||||| ||und|| aKaroor Neelakandapillai 0aMarappavagal bNbs Kottayam aKathakal cBK c26779d26779